004140000a22001210004500090001700000245011000017041001300127700004800140100003500188942001300223773003900236999001700275 aASbSeriadas10aKey to the Microfilariae of the genus Litomosoides (), endoparasites from colombian bats0 aInglés1 aGarcía Castañeda, Martha Rocío9993251 aMarinkelle, Cornelis J.993557 cARTICULO1 tCaldasia345h2q167-173d1999g21 c14692d14692